Vodcovský a vizionársky potenciál manažérov diplomová práca

Na minha lista:
Detalhes bibliográficos
Autor principal: Belková, Viera
Autor Corporativo: Fakulta podnikového manažmentu EU. Katedra manažmentu
Outros Autores: Slávik, Štefan, 1955-
Formato: Livro
Idioma:eslovaco
Publicado em: Bratislava 2012
Tags: Adicionar Tag
Sem tags, seja o primeiro a adicionar uma tag!

MARC

LEADER 00000nbm a2200000 4500
001 0152511
005 20240410105606.6
041 0 |a slo 
044 |a SK 
245 1 0 |a Vodcovský a vizionársky potenciál manažérov  |b diplomová práca  |c Viera Belková ; školiteľ: Štefan Slávik 
264 1 |a Bratislava  |c 2012 
300 |a 99 s. 
100 1 |a Belková, Viera 
700 1 |a Slávik, Štefan, 1955- 
710 2 |a Fakulta podnikového manažmentu EU. Katedra manažmentu